| 000 | 03252cam a22002054a 4500 | ||
|---|---|---|---|
| 005 | 20250605164221.0 | ||
| 008 | 250528s ||||||||||||||||||||||||d | ||
| 035 | _a20674 | ||
| 020 | _a9607594320 | ||
| 040 |
_aGR-AtMCL _bgre _dGR-AtMCL _eAACR2 |
||
| 245 | 1 | _aΘέρμανση - Κλιματισμός / Μελέτη - Κατασκευή - Εγκαταστάσεις - Υλικά - Δίκτυα - Εξοπλισμός | |
| 260 |
_bΦοίβος, _c2002 |
||
| 300 | _a1806 | ||
| 505 | 0 | _aΗ Συνθήκη της Ανέσεως, Συστήματα Θερμάνσεως και Κλιματισμού, Ανάγκη Ανανεώσεως του Αέρα Κλειστών Χώρων και Φίλτρα, Βασικές Αρχές Επιλογής των Συστημάτων Αερισμού και Θερμάνσεως και Κλιματισμού, Θερμικός Ισολογισμός και Φορτία Θερμάνσεως και Κλιματισμού, Συστήματα Τοπικής Θερμάνσεως, Κεντρική Θέρμανση, Τοπικές Κλιματιστικές Μονάδες και Αντλίες Θερμότητος, Κεντρικός Κλιματισμός, Δίκτυα Ζεστού Νερού και Κυκλοφορητές, Δίκτυα Αέρα και Στόμια και Ανεμιστήρες, Λεβητοστάσια, Εγκαταστάσεις Ψύξεως, Ασφάλεια και Έλεγχος και Αυτοματισμοί Εγκαταστάσεων και Κλιματισμού, Συστήματα Εξοικονομήσεως Ενέργειας και Βιοκλιματικός Σχεδιασμός Κτιρίων, Παραδείγματα Εφαρμογών, Υποδειγματικές Λύσεις, Πίνακες και Διαγράμματα. | |
| 520 | _aΗ Συνθήκη της Ανέσεως, Συστήματα Θερμάνσεως και Κλιματισμού, Ανάγκη Ανανεώσεως του Αέρα Κλειστών Χώρων και Φίλτρα, Βασικές Αρχές Επιλογής των Συστημάτων Αερισμού και Θερμάνσεως και Κλιματισμού, Θερμικός Ισολογισμός και Φορτία Θερμάνσεως και Κλιματισμού, Συστήματα Τοπικής Θερμάνσεως, Κεντρική Θέρμανση, Τοπικές Κλιματιστικές Μονάδες και Αντλίες Θερμότητος, Κεντρικός Κλιματισμός, Δίκτυα Ζεστού Νερού και Κυκλοφορητές, Δίκτυα Αέρα και Στόμια και Ανεμιστήρες, Λεβητοστάσια, Εγκαταστάσεις Ψύξεως, Ασφάλεια και Έλεγχος και Αυτοματισμοί Εγκαταστάσεων και Κλιματισμού, Συστήματα Εξοικονομήσεως Ενέργειας και Βιοκλιματικός Σχεδιασμός Κτιρίων, Παραδείγματα Εφαρμογών, Υποδειγματικές Λύσεις, Πίνακες και Διαγράμματα. | ||
| 700 | 1 |
_aΣελλούντου Βάϊου Ηλία _96640 |
|
| 942 | _cBK | ||
| 999 |
_c5760 _d5760 |
||